| 000 | 00686nam a2200217Ia 4500 | ||
|---|---|---|---|
| 008 | 160319s9999 xx 000 0 und d | ||
| 050 | _aFIL PN 4784.B75 | ||
| 050 | _b.B48 2004 | ||
| 245 | _aBetween the tiger and the crocodile : | ||
| 245 | _bboradcast media self-regulation in Southeast Asia / | ||
| 245 | _cedited by Cecille C. A. Balgos. | ||
| 260 | _aBangkok: | ||
| 260 | _bSEAPA, | ||
| 260 | _c2004 | ||
| 300 | _a152 pages : | ||
| 300 | _billustrations ; | ||
| 300 | _c22 cm. | ||
| 650 | _aBoradcast journalism -- Asia, Southeastern. | ||
| 650 | _aMass media -- Asia, Southeastern. | ||
| 650 | _xBroadcast journalism -- Law and legislation -- Asia, Southeastern. | ||
| 999 |
_c291685 _d291685 |
||